000 00813nas a2200265 4500
001 BR0601016
003 BR-BrBNA
005 20231205105855.0
007 ta
008 230509b bl.|||p| |||| 00| 00por d
040 _aBR-BrBNA
_bpor
_cBiblioteca Nacional de Agricultura
041 _a(Pt)
072 _aQ04
100 1 _aMiele, A.
100 1 _aRizzon, L.A.
245 1 _aEfeito de elevadas produtividades do vinhedo nas características físico-químicas e sensoriais do vinho Merlot
650 _aUVA
650 _aANÁLISE ORGANOLÉPTICA
650 _aPRODUÇÃO VEGETAL
650 _aVITICULTURA
650 _aENOLOGIA
773 0 _tCiência Rural (Brazil)
_xISSN 0103-8478
_g(Jan-Feb 2006), v. 36(1) p. 271-278
_wBR0601016
909 _a202311
_bLúcia
_c55
_dLúcia Elande
942 _2AGRIS
_n0
_cANA
999 _c185128
_d185128